Statistiche per Porti d'Italia per flusso di merci

Clicka qui per fare il quiz!

Statistiche generali

  • Questo quiz è stato fatto 9 volte
  • Il punteggio medio è 13 su 15

Statistiche sulle risposte

Merci annue (migliaia tonnellate)RegionePorto% Corretto
48 831LiguriaGenova
100%
55 361Friuli-Venezia GiuliaTrieste
100%
24 204VenetoVenezia
100%
10 820MarcheAncona
88%
31 222SardegnaCagliari
88%
13 061LiguriaLa Spezia
88%
34 346ToscanaLivorno
88%
17 889CampaniaNapoli
88%
27 100Emilia-RomagnaRavenna
88%
15 485CampaniaSalerno
88%
14 855LiguriaSavona
88%
17 529PugliaTaranto
88%
38 559CalabriaGioia Tauro
75%
9 650LazioCivitavecchia
63%
25 115SiciliaAugusta
25%

Distribuzione punteggi

Percentile per numero di risposta

Percentuale di utenti per punteggio

I tuoi punteggi nel tempo

Non hai fatto questo quiz